[Event "Mondariz GM"]
[Site "Mondariz"]
[Date "2018.08.24"]
[Round "1"]
[White "Astaneh Lopez, Alex"]
[Black "Andres Gonzalez, Alberto"]
[Result "1/2-1/2"]
[WhiteElo "2411"]
[BlackElo "2512"]
[PlyCount "95"]
[EventDate "2018.08.24"]
[EventType "tourn"]
[EventRounds "9"]
[EventCountry "ESP"]
[EventCategory "7"]
[SourceTitle "CBM 186 Extra"]
[Source "ChessBase"]
[SourceDate "2018.08.24"]
[SourceVersion "1"]
[SourceVersionDate "2018.08.24"]
[SourceQuality "1"]

1. g3 d5 2. Bg2 c6 3. Nf3 Bg4 4. d3 Nd7 5. Nbd2 Ngf6 6. h3 Bh5 7. g4 Bg6 8. Nh4 e6 9. e3 Bc5 10. d4 Bd6 11. Nxg6 hxg6 12. f4 c5 13. c3 cxd4 14. cxd4 Nb6 15. a3 Rc8 16. 0-0 Qc7 17. Rf2 Ke7 18. g5 Nfd7 19. Bf1 Nb8 20. Nf3 Nc6 21. Rc2 Qd7 22. Ne5 Bxe5 23. dxe5 d4 24. e4 d3 25. Qxd3 Qxd3 26. Bxd3 Rxh3 27. Bf1 Rb3 28. Bd2 Rd8 29. Rc3 Rxc3 30. Bxc3 a6 31. b3 Nd7 32. b4 f6 33. exf6+ gxf6 34. a4 e5 35. b5 axb5 36. axb5 Nd4 37. Ra7 fxg5 38. fxe5 Nxe5 39. Rxb7+ Ke6 40. Rb6+ Kf7 41. Rb7+ Ke6 42. Rb6+ Kf7 43. Kg2 g4 44. Kg3 g5 45. Rb7+ Ke6 46. Rb6+ Kf7 47. Rb7+ Ke6 48. Rb6+ 1/2-1/2

[Event "San Sebastian Gros op 27th"]
[Site "San Sebastian"]
[Date "2017.06.25"]
[Round "4"]
[White "Flear, Glenn C"]
[Black "Andres Gonzalez, Alberto"]
[Result "1/2-1/2"]
[WhiteElo "2455"]
[BlackElo "2518"]
[PlyCount "190"]
[EventDate "2017.06.23"]
[EventType "swiss"]
[EventRounds "9"]
[EventCountry "ESP"]
[SourceTitle "CBM 179 Extra"]
[Source "ChessBase"]
[SourceDate "2017.08.23"]
[SourceVersion "1"]
[SourceVersionDate "2017.08.23"]
[SourceQuality "1"]

1. d4 Nf6 2. c4 e6 3. Nc3 Bb4 4. e3 d5 5. Nf3 0-0 6. Bd3 b6 7. a3 Bxc3+ 8. bxc3 dxc4 9. Bxc4 c5 10. 0-0 Qc7 11. Bd3 Bb7 12. Bb2 Nbd7 13. Re1 Ne4 14. c4 Rae8 15. Nd2 Nd6 16. Qc2 f5 17. e4 cxd4 18. Bxd4 e5 19. Bb2 Nc5 20. exf5 e4 21. Bf1 Nxf5 22. a4 e3 23. fxe3 Nxe3 24. Qc3 Nxf1 25. Nxf1 Rxe1 26. Qxe1 Qf7 27. Ne3 Re8 28. Qg3 Ne4 29. Qh4 Nd2 30. Re1 h6 31. Qf2 Qxf2+ 32. Kxf2 Ne4+ 33. Kg1 Nc5 34. Bd4 Nxa4 35. Ra1 Bc6 36. Nf5 Re2 37. Bf2 Bd7 38. Nd4 Rb2 39. Nf3 Be8 40. h3 a5 41. Bd4 Rc2 42. Rb1 Bc6 43. Bxb6 Nc3 44. Re1 a4 45. Bc5 Ne2+ 46. Kf1 Nf4 47. Bd6 Nxg2 48. Re2 Rxc4 49. Kxg2 Rc3 50. Rf2 a3 51. h4 Bd5 52. Be5 Re3 53. Bd4 Rd3 54. Be5 a2 55. Kg3 Re3 56. Bd4 Rd3 57. Be5 Rd1 58. Nd2 Re1 59. Bd4 a1Q 60. Bxa1 Rxa1 61. Rf4 Rg1+ 62. Kf2 Rg2+ 63. Ke3 Kh7 64. Rd4 Bc6 65. Rd6 Bb7 66. Rd7 Bc8 67. Rd6 Rh2 68. Rd4 Kg6 69. Nf3 Rh3 70. Kf2 Bb7 71. Ne5+ Kf5 72. Nc4 Bc6 73. Ne3+ Ke5 74. Rg4 Rf3+ 75. Ke2 Rf7 76. Nc4+ Kd5 77. Ne3+ Kc5 78. Kd3 Bf3 79. Rg3 Rd7+ 80. Kc3 Be4 81. Nc4 Rc7 82. Nd2 Kd5+ 83. Kb4 Bf5 84. Rf3 Bg4 85. Rf4 h5 86. Nc4 Be6 87. Kc3 g6 88. Rd4+ Kc5 89. Ne5 Ra7 90. Nd3+ Kb5 91. Rb4+ Kc6 92. Ne5+ Kc5 93. Nd3+ Kc6 94. Ne5+ Kc5 95. Nd3+ Kc6 1/2-1/2

[Event "Paz de Ziganda op 27th"]
[Site "Villava"]
[Date "2017.03.18"]
[Round "2"]
[White "Ortin Blanco, Ainhoa"]
[Black "Andres Gonzalez, Alberto"]
[Result "0-1"]
[WhiteElo "1992"]
[BlackElo "2511"]
[PlyCount "94"]
[EventDate "2017.03.18"]
[EventType "swiss (rapid)"]
[EventRounds "9"]
[EventCountry "ESP"]
[SourceTitle "CBM 177 Extra"]
[Source "ChessBase"]
[SourceDate "2017.04.27"]
[SourceVersion "1"]
[SourceVersionDate "2017.04.27"]
[SourceQuality "1"]

1. d4 Nf6 2. c4 e6 3. Nc3 Bb4 4. Qc2 c5 5. e3 cxd4 6. exd4 Nc6 7. Nf3 d5 8. Be3 0-0 9. Bd3 dxc4 10. Bxc4 b6 11. 0-0 Bb7 12. Rad1 Na5 13. Be2 Rc8 14. a3 Be4 15. Bd3 Bxf3 16. gxf3 Bxc3 17. bxc3 Qd5 18. Be2 Qh5 19. Kh1 Nd5 20. Bd2 Nc4 21. Rg1 Nxd2 22. Qxd2 Nxc3 23. Rg5 Qh4 24. Rdg1 g6 25. Bf1 Kg7 26. R1g3 Nd5 27. R3g4 Qh6 28. Qe2 f6 29. Qxe6 fxg5 30. Qxd5 Kh8 31. Bc4 Qg7 32. Bb3 Rc3 33. Rg3 Qf6 34. Bd1 Rd8 35. Qb7 Rc1 36. Kg2 Rxd1 37. Rh3 h5 38. Qxa7 R1xd4 39. Qa6 Rf8 40. Qe2 Kg7 41. Rg3 Rfd8 42. Qc2 Rd2 43. Qc7+ Kh6 44. h4 gxh4 45. Rh3 Qg5+ 46. Kh2 Rxf2+ 47. Kh1 Rd1# 0-1

[Event "ESP-chT CECLUB Div2"]
[Site "Linares"]
[Date "2016.08.19"]
[Round "5"]
[White "Andres Gonzalez, Alberto"]
[Black "Montoliu Cervero, Francisco"]
[Result "1-0"]
[WhiteElo "2512"]
[BlackElo "2346"]
[PlyCount "119"]
[EventDate "2016.08.16"]
[EventType "team"]
[EventRounds "6"]
[EventCountry "ESP"]
[SourceTitle "CBM 174 Extra"]
[Source "ChessBase"]
[SourceDate "2016.10.10"]
[SourceVersion "1"]
[SourceVersionDate "2016.10.10"]
[SourceQuality "1"]
[WhiteTeam "Real Oviedo"]
[BlackTeam "Manises Eva"]
[WhiteTeamCountry "ESP"]
[BlackTeamCountry "ESP"]

1. Nf3 d5 2. d4 Nf6 3. c4 c6 4. Qc2 dxc4 5. Qxc4 Bf5 6. g3 Nbd7 7. Bg2 e6 8. 0-0 Be7 9. Nc3 0-0 10. Re1 Ne4 11. Bf4 Nxc3 12. bxc3 Be4 13. Qb3 b5 14. a4 a6 15. c4 bxc4 16. Qxc4 Nb6 17. Qc1 Nd5 18. Ne5 Bxg2 19. Kxg2 Nxf4+ 20. Qxf4 c5 21. dxc5 Bxc5 22. Red1 Qe7 23. Rac1 Rac8 24. Rd7 Qf6 25. Nd3 Ba3 26. Rxc8 Rxc8 27. Ra7 Qxf4 28. gxf4 f6 29. Rxa6 Kf7 30. Ra7+ Kg6 31. e3 Rc4 32. Ne1 Rc1 33. Nf3 Ra1 34. Nd4 e5 35. fxe5 fxe5 36. Ne6 Ra2 37. Ra6 Bb4 38. Kf3 Be1 39. Nc5+ Kf7 40. Nd3 e4+ 41. Kxe4 Bxf2 42. Ra7+ Kf6 43. Ra6+ Kg5 44. Ra7 Kf6 45. Nf4 Bg1 46. Nh5+ Kg6 47. Rxg7+ Kxh5 48. Rxg1 Rxa4+ 49. Kf5 Kh4 50. e4 Kh3 51. Rg5 Kxh2 52. Rh5+ Kg3 53. Rxh7 Ra1 54. Rg7+ Kf3 55. e5 Ra5 56. Rb7 Ke3 57. Kf6 Ke4 58. e6 Rf5+ 59. Ke7 Rh5 60. Rb4+ 1-0

[Event "ESP-chT CECLUB Div2"]
[Site "Linares"]
[Date "2016.08.16"]
[Round "1"]
[White "Andres Gonzalez, Alberto"]
[Black "Melero Fidalgo, Juan de Dios"]
[Result "1/2-1/2"]
[WhiteElo "2512"]
[BlackElo "2310"]
[PlyCount "84"]
[EventDate "2016.08.16"]
[EventType "team"]
[EventRounds "6"]
[EventCountry "ESP"]
[SourceTitle "CBM 174 Extra"]
[Source "ChessBase"]
[SourceDate "2016.10.10"]
[SourceVersion "1"]
[SourceVersionDate "2016.10.10"]
[SourceQuality "1"]
[WhiteTeam "Real Oviedo"]
[BlackTeam "Oromana ABB"]
[WhiteTeamCountry "ESP"]
[BlackTeamCountry "ESP"]

1. Nf3 Nf6 2. c4 g6 3. g3 Bg7 4. Bg2 0-0 5. 0-0 c5 6. d4 cxd4 7. Nxd4 Nc6 8. Nc3 Ng4 9. e3 Nge5 10. b3 d6 11. h3 a6 12. Nde2 Rb8 13. Bb2 h5 14. Rc1 Bf5 15. e4 Bc8 16. Kh2 h4 17. f4 Nd7 18. gxh4 Nc5 19. Qd2 e5 20. Rcd1 exf4 21. Nd5 Be5 22. Rxf4 Ne6 23. Bxe5 dxe5 24. Rf6 Ng7 25. Ng3 Be6 26. Qg5 Ne8 27. Rf2 Qxg5 28. hxg5 Kg7 29. Ne2 Rh8 30. Kg3 b5 31. cxb5 axb5 32. Rc1 Bxd5 33. exd5 Nb4 34. Rd1 Nd6 35. Nc3 Rh5 36. a3 Rxg5+ 37. Kh2 Na6 38. Bf1 Nc5 39. b4 Nd7 40. Rc2 e4 41. Rd4 f5 42. Nxb5 Ne5 1/2-1/2

[Event "ESP-ch rapid"]
[Site "Linares"]
[Date "2016.08.14"]
[Round "3"]
[White "Guadamuro Torrente, Anabel"]
[Black "Andres Gonzalez, Alberto"]
[Result "0-1"]
[WhiteElo "2150"]
[BlackElo "2512"]
[PlyCount "82"]
[EventDate "2016.08.14"]
[EventType "swiss (rapid)"]
[EventRounds "9"]
[EventCountry "ESP"]
[SourceTitle "CBM 173 Extra"]
[Source "ChessBase"]
[SourceDate "2016.08.29"]
[SourceVersion "1"]
[SourceVersionDate "2016.08.29"]
[SourceQuality "1"]

1. e4 d5 2. exd5 Qxd5 3. Nc3 Qd6 4. d4 Nf6 5. Bg5 a6 6. Nf3 Bg4 7. Be2 Nc6 8. d5 Bxf3 9. Bxf3 Qe5+ 10. Be3 0-0-0 11. Qe2 Nd4 12. Bxd4 Qxd4 13. 0-0 h5 14. Rfd1 Qf4 15. Qe3 Qxe3 16. fxe3 g6 17. e4 Nd7 18. Ne2 Bg7 19. c3 Ne5 20. Nd4 Nc4 21. b3 Ne5 22. Rac1 Rhe8 23. c4 e6 24. c5 exd5 25. exd5 Bh6 26. Rc3 Ng4 27. Bxg4+ hxg4 28. Nc2 Re5 29. Rcd3 Re2 30. Nd4 Rxa2 31. c6 Rxd5 32. cxb7+ Kxb7 33. b4 Rb2 34. Nb3 Be3+ 35. Kf1 Rf5+ 36. Ke1 Bf2+ 37. Kf1 Bc5+ 38. Ke1 Bxb4+ 39. Nd2 a5 40. Rd4 Rf6 41. Rxg4 Re6+ 0-1

[Event "San Sebastian op 38th"]
[Site "San Sebastian"]
[Date "2015.03.30"]
[Round "4"]
[White "Rodmacq, Clement"]
[Black "Andres Gonzalez, Alberto"]
[Result "0-1"]
[WhiteElo "2021"]
[BlackElo "2515"]
[PlyCount "56"]
[EventDate "2015.03.28"]
[EventType "swiss"]
[EventRounds "9"]
[EventCountry "ESP"]
[SourceTitle "CBM 165 Extra"]
[Source "ChessBase"]
[SourceDate "2015.04.21"]
[SourceVersion "1"]
[SourceVersionDate "2015.04.21"]
[SourceQuality "1"]

1. e4 d5 2. exd5 Qxd5 3. Nc3 Qd8 4. d4 c6 5. Bc4 Bf5 6. Bxf7+ Kxf7 7. Qf3 e6 8. g4 Qxd4 9. gxf5 Qe5+ 10. Be3 Qxf5 11. 0-0-0 Nf6 12. Rd8 Ke7 13. Rd4 Qxf3 14. Nxf3 Nbd7 15. Re1 Re8 16. Bf4 h6 17. Ne4 Nxe4 18. Rexe4 Nf6 19. Bd6+ Kf7 20. Ne5+ Kg8 21. Rf4 Kh7 22. h4 Nd5 23. Rxf8 Rhxf8 24. Bxf8 Rxf8 25. c4 Rf4 26. Rd2 Nf6 27. h5 Nxh5 28. Rd8 Re4 0-1

[Event "Coimbra op"]
[Site "Coimbra"]
[Date "2014.04.27"]
[Round "7"]
[White "Andres Gonzalez, Alberto"]
[Black "Ferreira, Luis Pedro Oliveira"]
[Result "1-0"]
[WhiteElo "2537"]
[BlackElo "2012"]
[PlyCount "119"]
[EventDate "2014.04.25"]
[EventType "swiss"]
[EventRounds "7"]
[EventCountry "POR"]
[SourceTitle "CBM 160 Extra"]
[Source "ChessBase"]
[SourceDate "2014.07.01"]
[SourceVersion "1"]
[SourceVersionDate "2014.07.01"]
[SourceQuality "1"]

1. Nf3 Nf6 2. c4 g6 3. g3 Bg7 4. Bg2 0-0 5. 0-0 d6 6. d4 Nbd7 7. Nc3 e5 8. Qc2 c6 9. b3 Re8 10. Ba3 Bf8 11. e4 exd4 12. Nxd4 Nc5 13. Rad1 Qc7 14. h3 a5 15. Kh2 Bd7 16. f4 Rad8 17. Rfe1 Bc8 18. Bb2 Nh5 19. Qf2 Ng7 20. Nf3 f5 21. exf5 Bxf5 22. g4 Rxe1 23. Qxe1 Re8 24. Qd2 Ne4 25. Qd4 Nxc3 26. Bxc3 Be4 27. Kg3 d5 28. cxd5 Bxd5 29. Ng5 h6 30. Bxd5+ cxd5 31. Qxd5+ Kh8 32. Be5 Qb6 33. Nf3 g5 34. fxg5 hxg5 35. Nxg5 Qe3+ 36. Nf3 Bc5 37. Bd4 Bxd4 38. Qxd4 Qe2 39. Re1 Qxe1+ 40. Nxe1 Rxe1 41. Qd8+ Kh7 42. Qxa5 Re3+ 43. Kh4 Re4 44. Qd5 Re7 45. a4 Re3 46. Qxb7 Kg6 47. Qb6+ Re6 48. a5 Kh7 49. Qxe6 Nxe6 50. a6 Nc7 51. a7 Kg6 52. g5 Na8 53. Kg4 Nc7 54. h4 Kg7 55. Kf5 Kf7 56. h5 Kg7 57. h6+ Kf7 58. g6+ Kg8 59. Kf6 Nd5+ 60. Ke6 1-0

[Event "Coimbra op"]
[Site "Coimbra"]
[Date "2014.04.27"]
[Round "5"]
[White "Drezzadore, Dario"]
[Black "Andres Gonzalez, Alberto"]
[Result "1-0"]
[WhiteElo "2066"]
[BlackElo "2537"]
[PlyCount "83"]
[EventDate "2014.04.25"]
[EventType "swiss"]
[EventRounds "7"]
[EventCountry "POR"]
[SourceTitle "CBM 160 Extra"]
[Source "ChessBase"]
[SourceDate "2014.07.01"]
[SourceVersion "1"]
[SourceVersionDate "2014.07.01"]
[SourceQuality "1"]

1. g4 d5 2. Bg2 c6 3. g5 e5 4. d4 e4 5. c4 Be6 6. Nc3 Qd7 7. Bf4 Ne7 8. Qa4 Na6 9. e3 Ng6 10. Bg3 Nb4 11. 0-0-0 Be7 12. h4 b5 13. cxb5 cxb5 14. Qxb5 Nxa2+ 15. Kd2 Nxc3 16. Qxd7+ Kxd7 17. bxc3 h6 18. h5 Nf8 19. f3 exf3 20. Nxf3 hxg5 21. Ne5+ Ke8 22. e4 dxe4 23. Bxe4 Rc8 24. Ra1 f6 25. Nc6 f5 26. Rxa7 Bf6 27. Bd3 f4 28. Bb5 fxg3 29. Ne5+ Kd8 30. Nc6+ Ke8 31. Ne5+ Kd8 32. Nc6+ Ke8 33. Re1 g2 34. Ne5+ Nd7 35. Bxd7+ Bxd7 36. Nxd7+ Be7 37. Nb6 g1Q 38. Raxe7+ Kf8 39. Rxg1 Kxe7 40. Nxc8+ Rxc8 41. Rxg5 Kf6 42. Re5 1-0

[Event "Coimbra op"]
[Site "Coimbra"]
[Date "2014.04.26"]
[Round "3"]
[White "Andres Gonzalez, Alberto"]
[Black "Pinho, Paulo Miguel"]
[Result "0-1"]
[WhiteElo "2537"]
[BlackElo "2233"]
[PlyCount "96"]
[EventDate "2014.04.25"]
[EventType "swiss"]
[EventRounds "7"]
[EventCountry "POR"]
[SourceTitle "CBM 160 Extra"]
[Source "ChessBase"]
[SourceDate "2014.07.01"]
[SourceVersion "1"]
[SourceVersionDate "2014.07.01"]
[SourceQuality "1"]

1. c4 b6 2. d4 e6 3. a3 Nf6 4. Nc3 c5 5. d5 exd5 6. cxd5 g6 7. Bf4 d6 8. e3 a6 9. Nf3 Bg7 10. Be2 0-0 11. 0-0 b5 12. Rc1 Re8 13. b4 Bb7 14. Nd2 cxb4 15. axb4 Nxd5 16. Nxd5 Bxd5 17. Nb3 Bxb3 18. Qxb3 Be5 19. Rfd1 Bxf4 20. exf4 Qf6 21. Rc7 Rxe2 22. Qf3 Qe6 23. Kf1 Re4 24. f5 Qe8 25. Rdc1 d5 26. fxg6 hxg6 27. Qh3 Nc6 28. R7xc6 Rxb4 29. Rd6 Rc4 30. Re1 Re4 31. Rd1 Rd8 32. Rxa6 Qe5 33. f3 Re2 34. Qh6 Re8 35. Raa1 Qb2 36. Qh3 Rd2 37. Re1 Rf2+ 38. Kg1 Rfe2 39. Red1 d4 40. Rab1 Qc3 41. Qh4 Qe3+ 42. Kf1 d3 43. Rb3 Rxg2 44. Kxg2 Qe2+ 45. Kg3 Qxd1 46. Rxb5 d2 47. Rd5 Qe1+ 48. Kg4 Qe6+ 0-1

[Event "San Sebastian Mailako 2nd"]
[Site "San Sebastian"]
[Date "2013.09.20"]
[Round "5"]
[White "Andres Gonzalez, Alberto"]
[Black "Argandona Riveiro, Inigo"]
[Result "0-1"]
[WhiteElo "2531"]
[BlackElo "2375"]
[PlyCount "94"]
[EventDate "2013.09.19"]
[EventType "tourn"]
[EventRounds "9"]
[EventCountry "ESP"]
[EventCategory "9"]
[SourceTitle "EXT 2015"]
[Source "ChessBase"]
[SourceDate "2014.11.20"]
[SourceVersion "1"]
[SourceVersionDate "2014.11.20"]
[SourceQuality "1"]

1. d4 d5 2. Nf3 c6 3. c4 e6 4. Qc2 f5 5. Nc3 Nf6 6. Bf4 Be7 7. e3 0-0 8. Be2 Ne4 9. h4 Nd7 10. g3 Ndf6 11. Ne5 Bd7 12. a3 Be8 13. c5 Nxc3 14. Qxc3 a5 15. b4 b5 16. f3 a4 17. Nd3 Nd7 18. 0-0-0 Bf6 19. Rdg1 Bg6 20. Be5 h6 21. Nf4 Bf7 22. g4 Nxe5 23. dxe5 Bxh4 24. Qd4 fxg4 25. Rxg4 Bg5 26. Ng2 h5 27. Rg3 Bh6 28. f4 Qe8 29. Nh4 Qe7 30. Nf3 Rfd8 31. Bd3 Kf8 32. Bg6 Bxg6 33. Rxg6 Qf7 34. Qd3 d4 35. Nxd4 Rxd4 36. exd4 Rd8 37. Rf1 Rxd4 38. Qxd4 Qxg6 39. Qd8+ Kf7 40. Qd7+ Kg8 41. Qxc6 Qf5 42. Qe8+ Kh7 43. Qxb5 Bxf4+ 44. Kd1 Qb1+ 45. Ke2 Qe4+ 46. Kd1 Qd5+ 47. Ke2 Qd2+ 0-1

[Event "San Sebastian Mailako 2nd"]
[Site "San Sebastian"]
[Date "2013.09.20"]
[Round "6"]
[White "Ringoir, Tanguy"]
[Black "Andres Gonzalez, Alberto"]
[Result "1-0"]
[WhiteElo "2490"]
[BlackElo "2531"]
[PlyCount "41"]
[EventDate "2013.09.19"]
[EventType "tourn"]
[EventRounds "9"]
[EventCountry "ESP"]
[EventCategory "9"]
[SourceTitle "EXT 2015"]
[Source "ChessBase"]
[SourceDate "2014.11.20"]
[SourceVersion "1"]
[SourceVersionDate "2014.11.20"]
[SourceQuality "1"]

1. d4 Nf6 2. c4 e6 3. Nc3 Bb4 4. e3 c5 5. Nge2 cxd4 6. exd4 d5 7. a3 Bxc3+ 8. Nxc3 dxc4 9. Bxc4 0-0 10. 0-0 Nc6 11. Be3 b6 12. Qf3 Bb7 13. Bd3 Qd7 14. Qh3 Nxd4 15. Rad1 Rfd8 16. Bb5 Nxb5 17. Rxd7 Rxd7 18. Nxb5 Ba6 19. a4 Rc8 20. Qf3 Rc2 21. Rc1 1-0

[Event "San Sebastian op 36th"]
[Site "San Sebastian"]
[Date "2013.03.25"]
[Round "4"]
[White "Andres Gonzalez, Alberto"]
[Black "Velten, Paul"]
[Result "1-0"]
[WhiteElo "2542"]
[BlackElo "2385"]
[PlyCount "83"]
[EventDate "2013.03.23"]
[EventType "swiss"]
[EventRounds "9"]
[EventCountry "ESP"]
[SourceTitle "CBM 153 Extra"]
[Source "ChessBase"]
[SourceDate "2013.04.22"]
[SourceVersion "1"]
[SourceVersionDate "2013.04.22"]
[SourceQuality "1"]

1. Nf3 Nf6 2. c4 b6 3. g3 Bb7 4. Bg2 g6 5. 0-0 Bg7 6. Nc3 0-0 7. d3 c5 8. Bg5 h6 9. Bd2 Nc6 10. a3 d6 11. Rb1 e5 12. b4 Qd7 13. Qa4 Nh5 14. Nh4 g5 15. Nf5 Qxf5 16. Bxc6 Qc8 17. Bd7 Qd8 18. e4 Nf6 19. Bf5 Bc8 20. Bxc8 Qxc8 21. Kg2 Kh7 22. Qd1 Rg8 23. Qf3 Qd7 24. a4 Rab8 25. Rh1 Rbf8 26. Nd1 g4 27. Qe2 Bh8 28. h3 Rg6 29. Ne3 Bg7 30. Nf5 gxh3+ 31. Rxh3 Ng8 32. Rbh1 Qxa4 33. b5 a6 34. Bxh6 Bxh6 35. Qd2 axb5 36. Nxh6 Kg7 37. Nf5+ Kf6 38. Nxd6 b4 39. Nb5 Ke6 40. Rh5 Ne7 41. Rxe5+ Kxe5 42. Qf4+ 1-0

[Event "San Sebastian op 36th"]
[Site "San Sebastian"]
[Date "2013.03.24"]
[Round "2"]
[White "Andres Gonzalez, Alberto"]
[Black "Savolainen, Lev P"]
[Result "1/2-1/2"]
[WhiteElo "2542"]
[BlackElo "2107"]
[PlyCount "84"]
[EventDate "2013.03.23"]
[EventType "swiss"]
[EventRounds "9"]
[EventCountry "ESP"]
[SourceTitle "CBM 153 Extra"]
[Source "ChessBase"]
[SourceDate "2013.04.22"]
[SourceVersion "1"]
[SourceVersionDate "2013.04.22"]
[SourceQuality "1"]

1. d4 e6 2. c4 d5 3. Nc3 Nf6 4. Bg5 Be7 5. e3 a6 6. cxd5 exd5 7. Bd3 Nbd7 8. Nge2 0-0 9. 0-0 Re8 10. Qc2 h6 11. Bh4 c5 12. dxc5 Nxc5 13. Rad1 Nxd3 14. Qxd3 Be6 15. Nf4 Qa5 16. Bxf6 Bxf6 17. Nfxd5 Bxd5 18. Qxd5 Bxc3 19. bxc3 Qxd5 20. Rxd5 Rac8 21. Rd3 Rc4 22. Rb1 Rec8 23. Rb3 b5 24. Kf1 R8c5 25. Ke2 a5 26. Kd2 b4 27. f3 Rh4 28. h3 Rg5 29. g4 Rxh3 30. cxb4 axb4 31. e4 Ra5 32. Ke3 Rxa2 33. Rxb4 g5 34. e5 h5 35. gxh5 Ra5 36. Rb8+ Kg7 37. Ke4 Ra4+ 38. Ke3 g4 39. h6+ Kxh6 40. Rh8+ Kg5 41. Rxh3 gxh3 42. Kf2 Kf4 1/2-1/2

[Event "ESP-chT CECLUB Div1 GpA"]
[Site "Don Benito"]
[Date "2012.08.03"]
[Round "5"]
[White "Andres Gonzalez, Alberto"]
[Black "Pena Gomez, Manuel"]
[Result "1/2-1/2"]
[WhiteElo "2535"]
[BlackElo "2408"]
[PlyCount "97"]
[EventDate "2012.07.30"]
[EventType "team"]
[EventRounds "5"]
[EventCountry "ESP"]
[SourceTitle "CBM 149 Extra"]
[Source "ChessBase"]
[SourceDate "2012.08.24"]
[SourceVersion "1"]
[SourceVersionDate "2012.08.24"]
[SourceQuality "1"]
[WhiteTeam "Oviedo Universidad"]
[BlackTeam "Vigo Universidad"]
[WhiteTeamCountry "ESP"]
[BlackTeamCountry "ESP"]

1. Nf3 c5 2. c4 Nf6 3. g3 Nc6 4. Bg2 d5 5. cxd5 Nxd5 6. 0-0 e5 7. Nc3 Nc7 8. d3 Be7 9. Be3 0-0 10. Nd2 Nd4 11. Nc4 f6 12. Rc1 Kh8 13. a3 Rb8 14. Na5 Nce6 15. Nb3 b6 16. Nd5 Bb7 17. Nxe7 Bxg2 18. Kxg2 Qxe7 19. Nxd4 cxd4 20. Bd2 Rfc8 21. Qb3 Qb7+ 22. f3 Nc5 23. Qa2 b5 24. Bb4 Na6 25. Bd6 Ra8 26. Bb4 Qd7 27. Qb3 h6 28. Kg1 Kh7 29. Kg2 Kh8 30. Kg1 Kh7 31. Kg2 Nc7 32. Rc5 a5 33. Bd2 a4 34. Qa2 Ne6 35. Rxc8 Rxc8 36. Rc1 Rxc1 37. Bxc1 Qc6 38. Bd2 f5 39. Qb1 g5 40. h3 Kg6 41. b3 axb3 42. Qxb3 Kf6 43. Kf2 h5 44. Qb1 g4 45. hxg4 fxg4 46. Qh1 Kg6 47. Qb1 Kf6 48. fxg4 hxg4 49. Qd1 1/2-1/2

[Event "ESP-chT CECLUB Div1 GpA"]
[Site "Don Benito"]
[Date "2012.08.02"]
[Round "4"]
[White "Rakhmanov, Alexander"]
[Black "Andres Gonzalez, Alberto"]
[Result "1/2-1/2"]
[WhiteElo "2588"]
[BlackElo "2535"]
[PlyCount "80"]
[EventDate "2012.07.30"]
[EventType "team"]
[EventRounds "5"]
[EventCountry "ESP"]
[SourceTitle "CBM 149 Extra"]
[Source "ChessBase"]
[SourceDate "2012.08.24"]
[SourceVersion "1"]
[SourceVersionDate "2012.08.24"]
[SourceQuality "1"]
[WhiteTeam "Barcelona Escola Escacs"]
[BlackTeam "Oviedo Universidad"]
[WhiteTeamCountry "ESP"]
[BlackTeamCountry "ESP"]

1. d4 Nf6 2. Nf3 e6 3. e3 b6 4. Bd3 Bb7 5. Nbd2 c5 6. 0-0 Nc6 7. a3 Be7 8. b3 0-0 9. Bb2 Rc8 10. c4 d5 11. Rc1 dxc4 12. bxc4 Qd6 13. Re1 cxd4 14. exd4 Rfd8 15. Qe2 Qf4 16. Qe3 Bd6 17. g3 Qxe3 18. fxe3 Na5 19. Kf2 g6 20. Ke2 Nd7 21. Bc3 Nc6 22. Bb2 Na5 23. Bc3 Nc6 24. Ra1 Bf8 25. e4 Bg7 26. e5 f6 27. exf6 Nxf6 28. Rad1 Ng4 29. h3 Nh6 30. Nb3 Nf5 31. Bxf5 exf5 32. Ba1 Ba6 33. Rc1 Bf8 34. Bb2 b5 35. cxb5 Bxb5+ 36. Kf2 Rb8 37. Nc5 Bc4 38. Rxc4 Rxb2+ 39. Re2 Rxe2+ 40. Kxe2 Nxd4+ 1/2-1/2

[Event "ESP-chT CECLUB Div1 GpA"]
[Site "Don Benito"]
[Date "2012.08.01"]
[Round "3"]
[White "Andres Gonzalez, Alberto"]
[Black "Barbero Sendic, Alejandro"]
[Result "1-0"]
[WhiteElo "2535"]
[BlackElo "2370"]
[PlyCount "99"]
[EventDate "2012.07.30"]
[EventType "team"]
[EventRounds "5"]
[EventCountry "ESP"]
[SourceTitle "CBM 149 Extra"]
[Source "ChessBase"]
[SourceDate "2012.08.24"]
[SourceVersion "1"]
[SourceVersionDate "2012.08.24"]
[SourceQuality "1"]
[WhiteTeam "Oviedo Universidad"]
[BlackTeam "Lleida"]
[WhiteTeamCountry "ESP"]
[BlackTeamCountry "ESP"]

1. Nf3 Nf6 2. c4 e6 3. g3 d5 4. Bg2 g6 5. 0-0 Bg7 6. d4 0-0 7. Nc3 b6 8. Ne5 Bb7 9. Qa4 Ne4 10. Rd1 f6 11. Nd3 Nxc3 12. bxc3 Bc6 13. Qb3 dxc4 14. Qxc4 Bd5 15. Qa4 Bxg2 16. Kxg2 Qd7 17. Qb3 Re8 18. Nf4 c6 19. e4 Qf7 20. Qa4 b5 21. Qb3 g5 22. Nd3 Nd7 23. c4 a6 24. cxb5 axb5 25. Be3 Qg6 26. f3 Nb6 27. Nc5 Nc4 28. a4 g4 29. axb5 gxf3+ 30. Kxf3 Qh5+ 31. Kg2 Qe2+ 32. Bf2 cxb5 33. Re1 Qb2 34. Qxb2 Nxb2 35. Rab1 Na4 36. Rxb5 Nxc5 37. dxc5 Ra2 38. Rd1 f5 39. Rb4 fxe4 40. Rxe4 Rf8 41. Rf4 Rxf4 42. gxf4 Rc2 43. Kf3 Bf8 44. Be3 Kf7 45. Rd7+ Kg6 46. h3 Rc3 47. Rc7 Rc4 48. Ke2 Bh6 49. Kd3 Ra4 50. f5+ 1-0

[Event "ESP-chT CECLUB Div1 GpA"]
[Site "Don Benito"]
[Date "2012.07.31"]
[Round "2"]
[White "Quesada Perez, Yuniesky"]
[Black "Andres Gonzalez, Alberto"]
[Result "1/2-1/2"]
[WhiteElo "2626"]
[BlackElo "2535"]
[PlyCount "76"]
[EventDate "2012.07.30"]
[EventType "team"]
[EventRounds "5"]
[EventCountry "ESP"]
[SourceTitle "CBM 149 Extra"]
[Source "ChessBase"]
[SourceDate "2012.08.24"]
[SourceVersion "1"]
[SourceVersionDate "2012.08.24"]
[SourceQuality "1"]
[WhiteTeam "Barbera"]
[BlackTeam "Oviedo Universidad"]
[WhiteTeamCountry "ESP"]
[BlackTeamCountry "ESP"]

1. e4 e6 2. d4 d5 3. Nc3 h6 4. Nf3 Nf6 5. Bd3 Bb4 6. e5 Ne4 7. Bd2 Nxd2 8. Qxd2 c5 9. a3 Qa5 10. 0-0 Bxc3 11. bxc3 Nc6 12. dxc5 Qxc5 13. Rfe1 Bd7 14. Re3 Rc8 15. a4 a6 16. Bf1 0-0 17. Ra2 f5 18. Rb2 f4 19. Re1 Na5 20. c4 Nxc4 21. Bxc4 Qxc4 22. Rxb7 Qxa4 23. Nd4 Rc4 24. c3 Bc8 25. Rb6 Qa5 26. Reb1 Qxc3 27. Qxc3 Rxc3 28. Nxe6 Rf5 29. Rd6 Bxe6 30. Rxe6 Kf7 31. Rxa6 Rxe5 32. h4 Rc7 33. Rb4 Re4 34. Rxe4 dxe4 35. Ra4 Rc1+ 36. Kh2 Re1 37. f3 exf3 38. Rxf4+ Kg6 1/2-1/2